000 00306nam a2200097Ia 4500
008 220120s9999||||xx |||||||||||||| ||und||
100 _aSwaran, K.R
_912033
245 0 _aSaven natural wonders of the world
260 _aCoorg Institute of Technology
_bPonnampet
_c2005
650 _aELECTRONICS AND COMMUNICATIONS
999 _c137617
_d137617